000 00716nam a2200241Ia 4500
003 OSt
005 20220918230533.0
006 a|||||r|||| 00| 0
007 ta
008 220917b |||||||| |||| 00| 0 eng d
024 _a254,963
037 _cTextual
040 _aARTS
_cARTS
_beng
041 _2eng
_aeng
082 _aV613:2501:N7, K5;3
100 _aRotberg Robert I.
_918936
245 0 _aRise of nationalism in central Africa
_b The making of Malawi and Zambia 1873-1964
260 _aCambridge
_bHarvard University Press USA
_c1965
300 _axvi,360p.
_ccm.
650 _aHISTORY
942 _hV613:2501:N7, K5;3
_cTEXL
_2CC
999 _c288275
_d288275